El guerrero blanco (Registro nro. 38429)
[ vista simple ]
| 000 -CABECERA | |
|---|---|
| Longitud fija campo de control | 00972nam a2200301 i 4500 |
| 003 - • IDENTIFICADOR DELl NÚMERO DE CONTROL | |
| Identificador del número de control | CO-BoRNBP |
| 005 - • FECHA Y HORA DE LA ÚLTIMA TRANSACCIÓN | |
| Fecha y hora de la última transacción | 20241011084718.0 |
| 007 - • CAMPO FIJO DE DESCRIPCIÓN FÍSICA | |
| Campo fijo de descripción física | ta |
| 008 - • CÓDIGOS DE INFORMACIÓN DE LONGITUD FIJA | |
| Códigos de información de longitud fija | 241011s2003 sp |||| |||| 00| 0 esp d |
| 020 ## - • NÚMERO INTERNACIONAL NORMALIZADO PARA LIBROS | |
| Número Internacional Normalizado para Libros (ISBN) | 9788424609481 |
| 040 ## - FUENTE DE LA CATALOGACIÓN | |
| Centro catalogador de origen | CO-BoRNBP |
| Lengua de catalogación | spa |
| Centro transcriptor | CO-BoRNBP |
| Normas de descripción | rda |
| 041 ## - • CÓDIGO DE LENGUA | |
| Código de lengua del texto/banda sonora o título independiente | spa |
| 084 ## - • Clasificación Local Alfanúmerica PNLB | |
| Número de clasificación | N URK |
| 100 1# - • PUNTO DE ACCESO PRINCIPAL-NOMBRE DE PERSONA | |
| Nombre de persona | Urkixo, Joanes |
| Fechas asociadas al nombre | 1955 - |
| Término indicativo de función | autor |
| 245 ## - • TITULO PROPIAMENTE DICHO | |
| Título | El guerrero blanco |
| Mención de responsabilidad, etc. | Joanes Urkixo; corrección, Arantxa Mellado; Estilismo, Ainhoa Eskisabel |
| 250 ## - • MENCIÓN DE EDICIÓN | |
| Mención de edición | Primera edición |
| 264 #4 - PRODUCCIÓN, PUBLICACIÓN , DISTRIBUCIÓN, FABRICACIÓN Y COPYRIGHT | |
| Lugar de producción, publicación, distribución, fabricación | Barcelona, España |
| Nombre del productor, editor, distribuidor, fabricante | Editorial La Galera |
| Fecha de de producción, publicación, distribución, fabricación o copyright | ©2003 |
| 336 ## - TIPO DE CONTENIDO | |
| Fuente | rdacontent |
| Término de tipo de contenido | texto |
| Código de tipo de contenido | txt |
| 337 ## - TIPO DE MEDIO | |
| Fuente | rdamedia |
| Nombre del tipo de medio | sin mediación |
| Código del tipo de medio | n |
| 338 ## - TIPO DE SOPORTE | |
| Fuente | rdacarrier |
| Nombre del tipo de soporte | volumen |
| Código del tipo de soporte | nc |
| 490 ## - • MENCIÓN DE SERIE | |
| Mención de serie | Editores el asociados |
| 650 17 - • PUNTO DE ACCESO ADICIONAL DE MATERIA - TÉRMINO DE MATERIA | |
| Fuente del encabezamiento o término | LEMB |
| Término de materia o nombre geográfico como elemento inicial | Literatura juvenil |
| 650 17 - • PUNTO DE ACCESO ADICIONAL DE MATERIA - TÉRMINO DE MATERIA | |
| Fuente del encabezamiento o término | novela de aventuras |
| Término de materia o nombre geográfico como elemento inicial | LEMB |
| 650 17 - • PUNTO DE ACCESO ADICIONAL DE MATERIA - TÉRMINO DE MATERIA | |
| Fuente del encabezamiento o término | LEMB |
| Término de materia o nombre geográfico como elemento inicial | Brujería |
| 700 ## - • PUNTO DE ACCESO ADICIONAL - NOMBRE DE PERSONA | |
| Nombre de persona | Arantxa Mellao |
| Término indicativo de función | corrección |
| 700 ## - • PUNTO DE ACCESO ADICIONAL - NOMBRE DE PERSONA | |
| Nombre de persona | Cass |
| Término indicativo de función | Diseño de la colección |
| 942 ## - ENTRADA DE ELEMENTOS AGREGADOS (KOHA) | |
| Fuente de clasificaión o esquema | Dewey Decimal Classification |
| Koha [por defecto] tipo de item | Libro Literatura |
| Perdido | Fuente de clasificación o esquema | Estado Físico | No para préstamo | Forma de adquisición | Localización permanente | Localización actual | Localización en estanterías | Fecha adquisición | Préstamos totales | Signatura completa | Código de barras | Fecha última consulta | Número de copia | Fecha del precio de reemplazo | Tipo de item de Koha |
|---|---|---|---|---|---|---|---|---|---|---|---|---|---|---|---|
| Dewey Decimal Classification | Colección General | Biblioteca Pública Guamal | Biblioteca Pública Guamal | Literatura | 10/11/2024 | N URK | GUA004226 | 10/11/2024 | Ej.1 | 10/11/2024 | Libro Literatura |